000 00315nam a22001337a 4500
008 170331b xxu||||| |||| 00| 0 eng d
020 _a9780231112833
041 _aeng
080 _a616-053.2
100 _a8
101 _aSHM
245 _aBALANCING FAMILY CENTERES SERVICES AND CHILD
_cWALTON.E
942 _2udc
_cBK
999 _c9207
_d9207